000 01076nam a22002417a 4500
010 _aA-509301
020 _c50.00
035 _aA-509301
037 _aCen Lib / Ret
040 _aDPL
_bPN
082 _a784.4
_bਦਾਨਸਿੰ
245 _aਪੰਜਾਬ ਦੀਆਂ ਲੋਕ ਬੋਲੀਆਂ /
_cਸੰਪਾਦਕ ਦਾਨ ਸਿੰਘ ਕੋਮਲ
246 _aPunjab dian lok bolian : (folk literature of Punjab) /
_bedited by Dan Singh Komal
260 _aਨਵੀ ਦਿੱਲੀ
_bਪੰਜਾਬੀ ਰਾਈਟਰਜ਼ ਕੇਆਪਰੇਟਿਵ
_c1985
270 _aਜੇ-11/26, ਰਾਜੈਰੀ ਗਾਰਡਨ
_bਨਵੀ ਦਿੱਲੀ
_e110027
300 _a190p ;
_b24cm(Hb)
650 _aਲੋਕ ਸਾਹਿਤ, ਪੰਜਾਬੀ.
_95571
650 _aFolk literature, Panjabi.
_9133608
650 _aਲੋਕ ਸਾਹਿਤ, ਭਾਰਤੀ.
_946121
650 _aFolk literature, Indic.
_929061
700 _aਦਾਨ ਸਿੰਘ ਕੋਮਲ
_92170
942 _2ddc
_cPN
_h784.4
_mਦਾਨਸਿੰ
999 _c111143
_d111143